Most College GameDay Appearances by School - Statistics

General Stats
  • This quiz has been taken 22 times
  • The average score is 66 of 105
Answer Stats
# of Appearances School % Correct
62 Alabama
100%
43 Georgia
100%
43 Florida
94%
42 Michigan
94%
41 Oklahoma
94%
28 Tennessee
94%
28 Texas
94%
35 Florida State
89%
36 LSU
89%
26 Miami
89%
7 Missouri
89%
16 Nebraska
89%
6 Ole Miss
89%
35 Oregon
89%
11 Texas A&M
89%
10 UCLA
89%
30 Clemson
83%
5 Indiana
83%
9 Iowa
83%
2 Kentucky
83%
16 Michigan State
83%
67 Ohio State
83%
3 Oregon State
83%
1 Penn
83%
28 Penn State
83%
2 SMU
83%
10 South Carolina
83%
5 Texas Tech
83%
14 Virginia Tech
83%
10 Washington
83%
3 Arizona
78%
3 Arizona State
78%
3 Arkansas
78%
23 Auburn
78%
6 Colorado
78%
6 Georgia Tech
78%
2 Harvard
78%
2 Kansas
78%
3 North Carolina
78%
40 Notre Dame
78%
9 Oklahoma State
78%
11 Stanford
78%
25 USC
78%
9 Utah
78%
3 Vanderbilt
78%
11 Army
72%
3 Boston College
72%
2 Iowa State
72%
2 Minnesota
72%
2 Mississippi State
72%
9 Navy
72%
11 TCU
72%
3 Washington State
72%
20 Wisconsin
72%
3 Cincinnati
67%
2 Illinois
67%
5 Louisville
67%
2 Syracuse
67%
2 UCF
67%
5 West Virginia
67%
1 Yale
67%
3 Air Force
61%
3 Baylor
61%
4 BYU
61%
1 Duke
61%
5 Kansas State
61%
2 NC State
61%
3 Northwestern
61%
4 California
56%
1 Memphis
56%
4 Pittsburgh
56%
1 Boise State
50%
1 Bowling Green
50%
1 Colorado State
50%
1 Houston
50%
3 Purdue
50%
2 Southern
50%
1 Temple
50%
1 Wake Forest
50%
3 James Madison
44%
1 Northern Illinois
44%
1 South Dakota State
44%
1 Tulsa
44%
1 Western Michigan
44%
3 North Dakota State
39%
1 South Florida
39%
2 Appalachian State
33%
1 East Carolina
33%
1 Montana
33%
2 Troy
33%
1 Buffalo
28%
1 Jackson State
28%
1 Montana State
28%
1 Coastal Carolina
22%
1 Richmond
22%
1 Villanova
22%
1 Grambling State
17%
1 Florida A&M
11%
1 Alcorn State
6%
1 Amherst
6%
1 Delaware State
6%
1 Incarnate Word
6%
1 Williams
6%
1 Hampton
0%
1 NC Central
0%
No matching quizzes found
Score Distribution
Percent of People with Each Score
Percentile by Number Answered
Your Score History
You have not taken this quiz